Top of the Spot 2 Classic (Record n. 99280)

Dettagli MARC
000 -LEADER
fixed length control field 05240njm a2200649Ia 4500
001 - CONTROL NUMBER
control field D7374
003 - CONTROL NUMBER IDENTIFIER
control field IT-RoPAU
005 - DATE AND TIME OF LATEST TRANSACTION
control field 20220918181114.0
008 - FIXED-LENGTH DATA ELEMENTS--GENERAL INFORMATION
fixed length control field 131025s9999 xx 000 0 und d
040 ## - CATALOGING SOURCE
Original cataloging agency IT-RoPAU
040 ## - CATALOGING SOURCE
Transcribing agency IT-RoPAU
999 ## - SYSTEM CONTROL NUMBERS (KOHA)
Koha Dewey Subclass [OBSOLETE] n.d.
100 ## - MAIN ENTRY--PERSONAL NAME
Personal name AA.VV.
9 (RLIN) 794
100 ## - MAIN ENTRY--PERSONAL NAME
Relator term Autore musica
9 (RLIN) 31102
100 ## - MAIN ENTRY--PERSONAL NAME
Miscellaneous information Codice autore musica SPICS: 12000
9 (RLIN) 796
245 ## - TITLE STATEMENT
Title Top of the Spot 2 Classic
250 ## - EDITION STATEMENT
Edition statement 1a ed.
260 ## - PUBLICATION, DISTRIBUTION, ETC. (IMPRINT)
Place of publication, distribution, etc. LONDON
260 ## - PUBLICATION, DISTRIBUTION, ETC. (IMPRINT)
Name of publisher, distributor, etc. DECCA RECORD COMPANY
Date of publication, distribution, etc. 1996 [1a Ed.:1996 - Ed. Lingua Orig.: 1996]
300 ## - PHYSICAL DESCRIPTION
Extent COMPACT DISC
300 ## - PHYSICAL DESCRIPTION
Dimensions 78 minuti (Testo: pag.)
500 ## - GENERAL NOTE
General note Spot tv. Musica dalla pubblicità. 19 splendidi brani di musica classica.
505 ## - FORMATTED CONTENTS NOTE
Formatted contents note Sogno d'amore [(Bolet Jorge) (spot televisivo Pellicceria Annabella) (5:00)] - Moldava [(La mia patria) (spot televisivo Fette Biscottate al Malto Mulino Bianco) (4:00)] - Andante [(Sonata n. 5, Estr.) (spot televisivo Kraft Philadelphia Frescovivo) (4:00)] - Baba Yaga [(Quadri di una esposizione, Estr.) (spot televisivo Seat Ibiza) (2:00)] - Pavane [(spot televisivo Loulou di Cacharel) (6:00)] - Inno alla gioia [(spot televisivo Hyundai Accent) (8:00)] - Gymnopedie n. 1 [(spot televisivo Molteni e C. Dada) (4:00)] - Vedi le fosche notturne spoglie [(Il trovatore) (spot televisivo Seat Cordoba) (3:00)] - Sinfonia n. 5 [(Estr.) (spot televisivo Coop) (4:00)] - Preludio [(Carmen) (spot televisivo Ford Courier) (3:00)] - Valse lente [(Coppelia) (spot televisivo F.Lli Frattini - Agenzia Publidue) (3:00)] - Sinfonia n. 9 "Dal nuovo mondo" [(spot televisivo Ford Transit) (4:00)] - La gazza ladra, ouverture (spot televisivo ex Cuochi - Lavastoviglie Techna) (6:00)] - Dome epais le Jasmin [(Lakme) (spot televisivo British Airways) (6:00)] - Sinfonia n. 4 "Italiana" [(spot televisivo Fiat: Sinfonia Italiana) (5:00)] - La ci darem la mano [(Don Giovanni) (spot televisivo Agip: Guardiamo L'olio?) (4:00)] - Guglielmo Tell, ouverture [(spot televisivo Tecnocasa - Agenzia Professionals) (4:00)] - Sul bel Danubio blu [(spot televisivo Coop) (6:00)] - Summertime [(Porgy & Bess) (spot televisivo Rex: Asciuga Biancheria Solarex) (3:00)]
511 ## - PARTICIPANT OR PERFORMER NOTE
Participant or performer note Israel Philarmonic Orchestra diretta da Weller Walter
511 ## - PARTICIPANT OR PERFORMER NOTE
Participant or performer note Orchestre Symphonique Demontreal diretta da Dutoit Charles
511 ## - PARTICIPANT OR PERFORMER NOTE
Participant or performer note Academy Of St. Martin In The Fields diretta da Marriner Neville
511 ## - PARTICIPANT OR PERFORMER NOTE
Participant or performer note Chicago Symphony Orchestra & Chorus diretta da Solti George
511 ## - PARTICIPANT OR PERFORMER NOTE
Participant or performer note Roge Pascal
511 ## - PARTICIPANT OR PERFORMER NOTE
Participant or performer note London Philharmonic Orchestra diretta da Solti Georg
511 ## - PARTICIPANT OR PERFORMER NOTE
Participant or performer note Orchestre Se la Suisse Romande diretta da Bonynge Richard
511 ## - PARTICIPANT OR PERFORMER NOTE
Participant or performer note The Cleveland Orchestra diretta da Von Dohnanyi Christo
511 ## - PARTICIPANT OR PERFORMER NOTE
Participant or performer note Orchestre Symphonique De Montreal diretta da Dutoit Charles
511 ## - PARTICIPANT OR PERFORMER NOTE
Participant or performer note L'Orchestre National De L'Opera De MonteCarlo diretta da Bonynge Richard
511 ## - PARTICIPANT OR PERFORMER NOTE
Participant or performer note London Symphony Orchestra diretta da Abbado Claudio
511 ## - PARTICIPANT OR PERFORMER NOTE
Participant or performer note Vienna Haydn Orchestra diretta da Kertesz Istvan
511 ## - PARTICIPANT OR PERFORMER NOTE
Participant or performer note Orchestre Symphonique de Montreal diretta da Dutoit Charles
511 ## - PARTICIPANT OR PERFORMER NOTE
Participant or performer note Wiener Philharmoniker diretti da Boskovsky Willi
511 ## - PARTICIPANT OR PERFORMER NOTE
Participant or performer note Cleveland Orchestra & Chorus diretti da Maazel Lorin
650 ## - SUBJECT ADDED ENTRY--TOPICAL TERM
Topical term or geographic name as entry element SPOT TV [COMPACT DISC]
Relator term Codice MATERIA SPICS: 9949
9 (RLIN) 31103
700 ## - ADDED ENTRY--PERSONAL NAME
Personal name Liszt Franz
Dates associated with a name Codice autore musica SPICS: 10789
Relator term Autore musica
Name of part/section of a work Sogno d'amore
9 (RLIN) 31104
700 ## - ADDED ENTRY--PERSONAL NAME
Personal name Smetana Friedrich
Dates associated with a name Codice autore musica SPICS: 1184
Relator term Autore musica
Name of part/section of a work Moldava (La mia patria)
9 (RLIN) 31105
700 ## - ADDED ENTRY--PERSONAL NAME
Personal name Galuppi Baldassarre
Dates associated with a name Codice autore musica SPICS: 14268
Relator term Autore musica
Name of part/section of a work Andante (Sonata n. 5, Estr.)
9 (RLIN) 31106
700 ## - ADDED ENTRY--PERSONAL NAME
Personal name Mussorgsky Modest
Dates associated with a name Codice autore musica SPICS: 45462
Relator term Autore musica
Name of part/section of a work Baba - Yaga (Quadri di una esposizione, Estr.)
9 (RLIN) 31107
700 ## - ADDED ENTRY--PERSONAL NAME
Personal name Fauré Michel
Dates associated with a name Codice autore musica SPICS: 6783
Relator term Autore musica
Name of part/section of a work Pavane
9 (RLIN) 31108
700 ## - ADDED ENTRY--PERSONAL NAME
Personal name Beethoven Ludwig Van
Dates associated with a name Codice autore musica SPICS: 10721
Relator term Autore musica
Name of part/section of a work Inno alla gioia - Sinfonia n. 5 (Estr.)
9 (RLIN) 31109
700 ## - ADDED ENTRY--PERSONAL NAME
Personal name Satie Erik
Dates associated with a name Codice autore musica SPICS: 1590
Relator term Autore musica
Name of part/section of a work Gymnopedie n. 1
9 (RLIN) 31110
700 ## - ADDED ENTRY--PERSONAL NAME
Personal name Verdi Giuseppe
Dates associated with a name Codice autore musica SPICS: 89
Relator term Autore musica
Name of part/section of a work Vedi le fosche notturne spoglie (Il trovatore)
9 (RLIN) 31111
700 ## - ADDED ENTRY--PERSONAL NAME
Personal name Bizet Georges
Dates associated with a name Codice autore musica SPICS: 10724
Relator term Autore musica
Name of part/section of a work Preludio (Carmen)
9 (RLIN) 31112
700 ## - ADDED ENTRY--PERSONAL NAME
Personal name Delibes Leo
Dates associated with a name Codice autore musica SPICS: 7951
Relator term Autore musica
Name of part/section of a work Valse lente (Coppelia) - Dome epais le Jasmin (Lakme)
9 (RLIN) 31113
700 ## - ADDED ENTRY--PERSONAL NAME
Personal name Dvorak Antonin
Dates associated with a name Codice autore musica SPICS: 10772
Relator term Autore musica
Name of part/section of a work Sinfonia n. 9 "Dal nuovo mondo"
9 (RLIN) 31114
700 ## - ADDED ENTRY--PERSONAL NAME
Personal name Rossini Gioachino
Dates associated with a name Codice autore musica SPICS: 11125
Relator term Autore musica
Name of part/section of a work La gazza ladra, ouverture - Guglielmo Tell, ouverture
9 (RLIN) 31115
700 ## - ADDED ENTRY--PERSONAL NAME
Personal name Mendelssohn Felix
Dates associated with a name Codice autore musica SPICS: 3873
Relator term Autore musica
Name of part/section of a work Sinfonia n. 4 "Italiana"
9 (RLIN) 31116
700 ## - ADDED ENTRY--PERSONAL NAME
Personal name Mozart Wolfgang Amadeus
Dates associated with a name Codice autore musica SPICS: 3486
Relator term Autore musica
Name of part/section of a work La ci darem la mano (Don Giovanni)
9 (RLIN) 31117
700 ## - ADDED ENTRY--PERSONAL NAME
Personal name Strauss Johann Sr
Dates associated with a name Codice autore musica SPICS: 10080
Relator term Autore musica
Name of part/section of a work Sul bel Danubio blu
9 (RLIN) 31118
700 ## - ADDED ENTRY--PERSONAL NAME
Personal name Gershwin George
Dates associated with a name Codice autore musica SPICS: 10668
Relator term Autore musica
Name of part/section of a work Summertime (Porgy & Bess)
9 (RLIN) 31119
942 ## - ADDED ENTRY ELEMENTS (KOHA)
Koha item type CD AUDIO
Source of classification or shelving scheme Dewey Decimal Classification
Dati di copia
Withdrawn status Lost status Damaged status Not for loan Home library Current library Date acquired Total Checkouts Full call number Date last seen Price effective from Koha item type Public note
    Buone Condizioni Not For Loan SPICS-MEDIATECA SPICS-MEDIATECA 25/10/2013   D7374 25/10/2013 25/10/2013 CD AUDIO Progr. Ins.: 2100 / N.Vol.: 1 / Copie: 1 - Copia rara: n.d. / date import: 01.01.2014 - By Epidotti, Trombetti, Vaglietti
CREDITS: SOCIETA' SAN PAOLO Via A.Severo, 58 - ROMA (RM) & PERIODICI SAN PAOLO SRL Via Giotto, 36 MILANO & CISF Via Giotto, 36 MILANO & EDIZIONI SAN PAOLO SRL,  Piazza Soncino, 5 CINISELLO BALSAMO (MI) -- ITALY